[Event "4NCL chT 1995/96 3rd"]
[Site "Various"]
[Date "1996.05.26"]
[Round "12.32"]
[White "Cummings, David H"]
[Black "Gormally, Daniel"]
[Result "1/2-1/2"]
[WhiteElo "2350"]
[BlackElo "2265"]
[PlyCount "83"]
[EventDate "1995.11.25"]
[EventType "team-tourn"]
[EventRounds "13"]
[EventCountry "GBR"]
[SourceTitle "BritBase"]
[Source "britbase.info"]
[SourceDate "2021.07.30"]
[SourceVersion "1"]
[SourceVersionDate "2021.07.30"]
[SourceQuality "1"]
[WhiteTeam "South Wales Dragons"]
[BlackTeam "Croydon 1859"]
[WhiteTeamCountry "ENG"]
[BlackTeamCountry "ENG"]

1. d4 Nf6 2. c4 g6 3. Nc3 Bg7 4. e4 d6 5. Nf3 O-O 6. Be2 e5 7. d5 a5 8. Bg5 Na6
9. O-O h6 10. Bh4 Qe8 11. Nd2 Nh7 12. a3 Bd7 13. Kh1 f5 14. exf5 gxf5 15. Bh5
Qc8 16. Be7 Re8 17. Bxe8 Qxe8 18. Bh4 e4 19. f4 Nc5 20. Qe2 Qg6 21. Rab1 a4 22.
Na2 Qg4 23. Qxg4 fxg4 24. b4 axb3 25. Nxb3 Nd3 26. Nbc1 b6 27. Nxd3 exd3 28.
Rb3 Bf5 29. Nb4 d2 30. Rd1 Re8 31. Rxd2 Re4 32. h3 gxh3 33. gxh3 Rxf4 34. Bg3
Rxc4 35. Nc6 Bf6 36. Kh2 Be4 37. Rb4 Bxd5 38. Rxd5 Rxc6 39. h4 Kf7 40. a4 Rc2+
41. Kh3 Rc3 42. Kg2 {Source: South Wales Dragons} 1/2-1/2

[Event "4NCL chT 1995/96 3rd"]
[Site "Various"]
[Date "1996.05.26"]
[Round "12.33"]
[White "Harley, Andrew D"]
[Black "Zeidler, Sven P"]
[Result "1/2-1/2"]
[WhiteElo "2270"]
[BlackElo "2345"]
[PlyCount "87"]
[EventDate "1995.11.25"]
[EventType "team-tourn"]
[EventRounds "13"]
[EventCountry "GBR"]
[SourceTitle "BritBase"]
[Source "britbase.info"]
[SourceDate "2021.07.30"]
[SourceVersion "1"]
[SourceVersionDate "2021.07.30"]
[SourceQuality "1"]
[WhiteTeam "Croydon 1859"]
[BlackTeam "South Wales Dragons"]
[WhiteTeamCountry "ENG"]
[BlackTeamCountry "ENG"]

1. e4 d5 2. exd5 Qxd5 3. Nc3 Qa5 4. g3 Bd7 5. Bg2 Bc6 6. Nf3 Nf6 7. O-O Nbd7 8.
a3 e6 9. Rb1 Qh5 10. b4 Ng4 11. h3 Nge5 12. Nxe5 Qxd1 13. Rxd1 Nxe5 14. d3 Bxg2
15. Kxg2 O-O-O 16. Bb2 Nc6 17. Ne2 Rg8 18. b5 Nb8 19. a4 Be7 20. c4 Nd7 21. a5
Bf6 22. d4 Rge8 23. Nc3 e5 24. Ne4 exd4 25. Nxf6 Nxf6 26. Bxd4 Re4 27. Bxa7
Rxd1 28. Rxd1 Rxc4 29. Bd4 Ra4 30. Bc3 Ra3 31. Bb4 Rb3 32. Be7 Nd7 33. Rd5 Rb2
34. Ba3 Ra2 35. Bb4 Ra4 36. Bc3 f6 37. Rd4 Ra3 38. Rc4 Rb3 39. b6 c6 40. Bd4
Ra3 41. Bc3 Rb3 42. f4 Rb5 43. g4 g6 44. Kf3 {Source: South Wales Dragons}
1/2-1/2

[Event "4NCL chT 1995/96 3rd"]
[Site "Various"]
[Date "1996.05.26"]
[Round "12.35"]
[White "Moore, Gerald"]
[Black "Saunders, John C"]
[Result "0-1"]
[WhiteElo "2210"]
[BlackElo "2245"]
[PlyCount "96"]
[EventDate "1995.11.25"]
[EventType "team-tourn"]
[EventRounds "13"]
[EventCountry "GBR"]
[SourceTitle "BritBase"]
[Source "britbase.info"]
[SourceDate "2021.07.30"]
[SourceVersion "1"]
[SourceVersionDate "2021.07.30"]
[SourceQuality "1"]
[WhiteTeam "Croydon 1859"]
[BlackTeam "South Wales Dragons"]
[WhiteTeamCountry "ENG"]
[BlackTeamCountry "ENG"]

1. e4 g6 2. d4 Bg7 3. Nc3 c6 4. Bc4 d6 5. Nf3 Nf6 6. Bb3 O-O 7. O-O Qc7 8. h3
Nbd7 9. Qe2 e5 10. dxe5 dxe5 11. Be3 b5 12. a3 a5 13. Rfd1 Rb8 14. Nd2 Re8 15.
Qf3 Nf8 16. Ne2 a4 17. Ba2 Be6 18. Bxe6 Nxe6 19. c3 Nd7 20. Nc1 Rbd8 21. Nd3
Bf8 22. Nf1 Be7 23. Nh2 Ng5 24. Bxg5 Bxg5 25. Qg3 Bf6 26. Ng4 Bg7 27. Qf3 h5
28. Ne3 Nf8 29. Nb4 Ne6 30. Qe2 Bf8 31. Rxd8 Rxd8 32. Rd1 Bxb4 33. axb4 Nf4 34.
Qf1 Qc8 35. Kh2 Ne6 36. Kg1 Ng5 37. f3 Ne6 38. Rxd8+ Qxd8 39. Qd1 Qg5 40. Kf2
Qh4+ 41. Kf1 Qe7 42. Qd2 Nf4 43. Kg1 Qg5 44. Qd7 Nxh3+ 45. Qxh3 Qxe3+ 46. Kh2
Qf4+ 47. Qg3 Kg7 48. Kh3 g5 {Source: John Saunders} 0-1

[Event "4NCL chT 1995/96 3rd"]
[Site "Various"]
[Date "1996.05.26"]
[Round "12.37"]
[White "James, Russell A"]
[Black "Williams, Leighton"]
[Result "0-1"]
[WhiteElo "2080"]
[BlackElo "2110"]
[PlyCount "68"]
[EventDate "1995.11.25"]
[EventType "team-tourn"]
[EventRounds "13"]
[EventCountry "GBR"]
[SourceTitle "BritBase"]
[Source "britbase.info"]
[SourceDate "2021.07.30"]
[SourceVersion "1"]
[SourceVersionDate "2021.07.30"]
[SourceQuality "1"]
[WhiteTeam "Croydon 1859"]
[BlackTeam "South Wales Dragons"]
[WhiteTeamCountry "ENG"]
[BlackTeamCountry "ENG"]

1. d4 Nf6 2. Bg5 g6 3. Bxf6 exf6 4. c4 Bg7 5. Nc3 O-O 6. g3 d6 7. Bg2 c6 8. e3
Re8 9. Nge2 f5 10. O-O Nd7 11. b4 Nf6 12. Qd3 h5 13. a4 h4 14. b5 Bd7 15. bxc6
Bxc6 16. d5 Bd7 17. Rab1 Rb8 18. Nd4 hxg3 19. hxg3 a6 20. Rfc1 Ng4 21. Nce2
Bxa4 22. Qa3 Bd7 23. Qxd6 Be5 24. Qa3 Qg5 25. Nf3 Qh6 26. c5 Bb5 27. Rxb5 axb5
28. d6 b4 29. Qd3 Rbd8 30. Nf4 Bxf4 31. exf4 Qh8 32. Ng5 Qb2 33. Rf1 Re1 34.
Bd5 Qxf2+ {Source: South Wales Dragons} 0-1

[Event "4NCL chT 1995/96 3rd"]
[Site "Various"]
[Date "1996.05.26"]
[Round "12.41"]
[White "King, Daniel J"]
[Black "Martin, Andrew D"]
[Result "1-0"]
[WhiteElo "2510"]
[BlackElo "2420"]
[PlyCount "71"]
[EventDate "1995.11.25"]
[EventType "team-tourn"]
[EventRounds "13"]
[EventCountry "GBR"]
[SourceTitle "BritBase"]
[Source "britbase.info"]
[SourceDate "2021.07.30"]
[SourceVersion "1"]
[SourceVersionDate "2021.07.30"]
[SourceQuality "1"]
[WhiteTeam "Na Fianna"]
[BlackTeam "Guildford"]
[WhiteTeamCountry "ENG"]
[BlackTeamCountry "ENG"]

1. g3 e5 2. c4 Nf6 3. Bg2 d6 4. Nc3 c6 5. Nf3 Be7 6. O-O O-O 7. d4 Nbd7 8. Qc2
Re8 9. b3 Bf8 10. Bb2 a6 11. Rfd1 e4 12. Ng5 d5 13. f3 h6 14. Nh3 exf3 15. exf3
dxc4 16. bxc4 Nb6 17. Ne4 Nh7 18. Nf4 Ng5 19. Qb3 a5 20. a4 Nd7 21. Kh1 Ra6 22.
c5 Ra8 23. Nh5 Ne6 24. Qc3 Nc7 25. d5 Nxd5 26. Rxd5 cxd5 27. Nxg7 Re5 28. Nh5
dxe4 29. f4 Qe7 30. fxe5 Qxc5 31. Qe1 f5 32. e6 Ne5 33. Rc1 Qd6 34. Qc3 Bxe6
35. Qxe5 Qxe5 36. Bxe5 {... 56 moves} 1-0

[Event "4NCL chT 1995/96 3rd"]
[Site "Various"]
[Date "1996.05.26"]
[Round "12.62"]
[White "Adams, Michael"]
[Black "Ward, Christopher"]
[Result "1-0"]
[WhiteElo "2660"]
[BlackElo "2505"]
[PlyCount "67"]
[EventDate "1995.11.25"]
[EventType "team-tourn"]
[EventRounds "13"]
[EventCountry "GBR"]
[SourceTitle "BritBase"]
[Source "britbase.info"]
[SourceDate "2021.07.30"]
[SourceVersion "1"]
[SourceVersionDate "2021.07.30"]
[SourceQuality "1"]
[WhiteTeam "Slough"]
[BlackTeam "Wood Green"]
[WhiteTeamCountry "ENG"]
[BlackTeamCountry "ENG"]

1. e4 c5 2. Nf3 d6 3. d4 cxd4 4. Nxd4 Nf6 5. Nc3 g6 6. Be3 Bg7 7. f3 Nc6 8. Qd2
O-O 9. O-O-O Nxd4 10. Bxd4 Be6 11. Kb1 Qc7 12. h4 Rfc8 13. g4 Qa5 14. a3 Rab8
15. Ne2 Qa4 16. Nf4 Nxe4 17. fxe4 Bxd4 18. Nxe6 Be3 19. Qd3 fxe6 20. Bh3 Bf4
21. g5 Rc5 22. Bxe6+ Kg7 23. Bb3 Qb5 24. Qh3 Rf8 25. Rdf1 Qc6 26. h5 Rxg5 27.
hxg6 h5 28. Bd5 Qb6 29. Qd7 Re5 30. Rxh5 Qd8 31. Rh7+ Kxg6 32. Qh3 Qb6 33. Rxf4
Qg1+ 34. Ka2 {Source: BCM, July 1996, p360} 1-0

[Event "4NCL chT 1995/96 3rd"]
[Site "Various"]
[Date "1996.05.27"]
[Round "13.51"]
[White "Miles, Anthony John"]
[Black "Hunt, Harriet"]
[Result "1-0"]
[WhiteElo "2660"]
[BlackElo "2335"]
[PlyCount "55"]
[EventDate "1995.11.25"]
[EventType "team-tourn"]
[EventRounds "13"]
[EventCountry "GBR"]
[SourceTitle "BritBase"]
[Source "britbase.info"]
[SourceDate "2021.07.30"]
[SourceVersion "1"]
[SourceVersionDate "2021.07.30"]
[SourceQuality "1"]
[WhiteTeam "Slough"]
[BlackTeam "Midland Monarchs"]
[WhiteTeamCountry "ENG"]
[BlackTeamCountry "ENG"]

1. c4 e6 2. g3 d5 3. Bg2 Nf6 4. Nf3 Be7 5. O-O O-O 6. b3 c5 7. Bb2 Nc6 8. e3 b6
9. Nc3 Bb7 10. cxd5 exd5 11. d4 Qd7 12. Ne5 Qe6 13. Ne2 Rfd8 14. Nf4 Qd6 15.
Rc1 Rac8 16. Re1 Bf8 17. Re2 Ne7 18. Rd2 Qb8 19. dxc5 Rxc5 20. Rxc5 bxc5 21.
Nc4 d4 22. exd4 Bxg2 23. Kxg2 cxd4 24. Rxd4 Rxd4 25. Bxd4 Ne4 26. Qe2 Ng5 27.
h4 Nf5 28. Bb2 {Source: BCM, July 1996, p361} 1-0

[Event "4NCL chT 1995/96 3rd"]
[Site "Various"]
[Date "1996.05.27"]
[Round "13.54"]
[White "Buckley, Graeme N"]
[Black "Speelman, Jonathan S"]
[Result "0-1"]
[WhiteElo "2385"]
[BlackElo "2625"]
[PlyCount "56"]
[EventDate "1995.11.25"]
[EventType "team-tourn"]
[EventRounds "13"]
[EventCountry "GBR"]
[SourceTitle "BritBase"]
[Source "britbase.info"]
[SourceDate "2021.07.30"]
[SourceVersion "1"]
[SourceVersionDate "2021.07.30"]
[SourceQuality "1"]
[WhiteTeam "Midland Monarchs"]
[BlackTeam "Slough"]
[WhiteTeamCountry "ENG"]
[BlackTeamCountry "ENG"]

1. d4 e6 2. c4 b6 3. e4 Bb7 4. f3 Bb4+ 5. Bd2 Qe7 6. Nh3 f5 $1 7. exf5 Nc6 $1
8. Bxb4 Qxb4+ 9. Nc3 Qxb2 10. Nb5 Qb4+ 11. Kf2 O-O-O 12. Rb1 Qa5 13. d5 Nge7 $1
14. dxc6 dxc6 15. Qe1 Rd2+ 16. Kg1 cxb5 17. Qxe6+ Rd7 18. cxb5 Rhd8 19. Nf4 Qd2
20. Nd3 Kb8 21. Rb2 Qc3 22. Rf2 Rxd3 23. Qxe7 Rd1 24. h4 Qd4 25. Qe2 Bd5 26.
Kh2 Qxh4+ 27. Kg1 Qd4 28. Rh4 Rxf1+ {Source: BCM, July 1996, p360} 0-1

[Event "4NCL chT 1995/96 3rd"]
[Site "Various"]
[Date "1996.05.27"]
[Round "13.71"]
[White "Cummings, David H"]
[Black "Baker, Chris W"]
[Result "1/2-1/2"]
[WhiteElo "2350"]
[BlackElo "2340"]
[PlyCount "34"]
[EventDate "1995.11.25"]
[EventType "team-tourn"]
[EventRounds "13"]
[EventCountry "GBR"]
[SourceTitle "BritBase"]
[Source "britbase.info"]
[SourceDate "2021.07.30"]
[SourceVersion "1"]
[SourceVersionDate "2021.07.30"]
[SourceQuality "1"]
[WhiteTeam "South Wales Dragons"]
[BlackTeam "Witney"]
[WhiteTeamCountry "ENG"]
[BlackTeamCountry "ENG"]

1. d4 Nf6 2. c4 e6 3. Nf3 b6 4. g3 Ba6 5. b3 b5 6. cxb5 Bxb5 7. Bg2 Bb4+ 8. Bd2
Bxd2+ 9. Nbxd2 a5 10. O-O O-O 11. Re1 d5 12. Ne5 Nfd7 13. Ndf3 c5 14. dxc5 Nxc5
15. Nd4 Qb6 16. Rb1 Nbd7 17. Nxb5 Qxb5 {Source: South Wales Dragons} 1/2-1/2

[Event "4NCL chT 1995/96 3rd"]
[Site "Various"]
[Date "1996.05.27"]
[Round "13.73"]
[White "James, David J"]
[Black "Taulbut, Shaun M"]
[Result "1/2-1/2"]
[WhiteElo "2265"]
[BlackElo "2435"]
[PlyCount "46"]
[EventDate "1995.11.25"]
[EventType "team-tourn"]
[EventRounds "13"]
[EventCountry "GBR"]
[SourceTitle "BritBase"]
[Source "britbase.info"]
[SourceDate "2021.07.30"]
[SourceVersion "1"]
[SourceVersionDate "2021.07.30"]
[SourceQuality "1"]
[WhiteTeam "South Wales Dragons"]
[BlackTeam "Witney"]
[WhiteTeamCountry "ENG"]
[BlackTeamCountry "ENG"]

1. d4 Nf6 2. c4 e6 3. Nc3 Bb4 4. Qc2 b6 5. a3 Bxc3+ 6. Qxc3 O-O 7. Nf3 c5 8.
dxc5 bxc5 9. Bg5 Nc6 10. Bxf6 Qxf6 11. Qxf6 gxf6 12. O-O-O Rd8 13. e3 Kf8 14.
Kb1 Ke7 15. Be2 Ba6 16. Rc1 Rab8 17. Rc3 Na5 18. Rhc1 d5 19. Nd2 dxc4 20. Nxc4
Nb3 21. Re1 Bxc4 22. Bxc4 Nd2+ 23. Kc1 Ne4 {Source: South Wales Dragons}
1/2-1/2

[Event "4NCL chT 1995/96 3rd"]
[Site "Various"]
[Date "1996.05.27"]
[Round "13.75"]
[White "Morris, Charles F"]
[Black "Haydon, Richard"]
[Result "1-0"]
[WhiteElo "2200"]
[BlackElo "2265"]
[PlyCount "107"]
[EventDate "1995.11.25"]
[EventType "team-tourn"]
[EventRounds "13"]
[EventCountry "GBR"]
[SourceTitle "BritBase"]
[Source "britbase.info"]
[SourceDate "2021.07.30"]
[SourceVersion "1"]
[SourceVersionDate "2021.07.30"]
[SourceQuality "1"]
[WhiteTeam "South Wales Dragons"]
[BlackTeam "Witney"]
[WhiteTeamCountry "ENG"]
[BlackTeamCountry "ENG"]

1. c4 d6 2. Nc3 e5 3. d4 exd4 4. Qxd4 Nf6 5. g3 Nc6 6. Qd2 Be6 7. e4 a5 8. Nf3
Ne5 9. Nxe5 dxe5 10. a3 Nd7 11. Qc2 Nc5 12. Be3 Bg4 13. Be2 Bxe2 14. Kxe2 c6
15. Rhd1 Qf6 16. b4 Ne6 17. Nd5 Nd4+ 18. Bxd4 cxd5 19. Qa4+ Qc6 20. b5 Qxc4+
21. Qxc4 dxc4 22. Bxe5 Rc8 23. b6 h5 24. Rd5 Rh6 25. Bc7 Rc6 26. Rxh5 c3 27.
Re5+ Be7 28. Rc1 Ra8 29. Kd3 f6 30. Rh5 Kf7 31. Rxc3 Rxc3+ 32. Kxc3 Bxa3 33.
Kb3 Bf8 34. Ka4 g5 35. h4 Kg6 36. g4 Bb4 37. hxg5 fxg5 38. f4 gxf4 39. Bxf4 Re8
40. Rg5+ Kf6 41. Rf5+ Kg6 42. e5 Re6 43. Be3 Bc3 44. Rh5 Kg7 45. Kb3 Rxe5 46.
Kxc3 Rxe3+ 47. Kd4 Rb3 48. Kc5 a4 49. Rd5 a3 50. Rd7+ Kg6 51. Rxb7 a2 52. Ra7
Rb2 53. Kc6 Rf2 54. Ra4 {Source: South Wales Dragons} 1-0